Countries with the Largest Air Forces - Statistics

General Stats
  • This quiz has been taken 981 times
  • The average score is 9 of 10
Answer Stats
Place Number of Personnel Number of Aircrafts Country % Correct
1 329,600 5,573 United States
100%
3 330,000 2,500 China
99%
2 160,000 4,000 Russia
99%
6 58,900 635 France
97%
5 41,300 1,004 United Kingdom
97%
7 35,560 428 Germany
94%
4 127,000 1,380 India
92%
10 45,000 805 Japan
90%
9 17,375 254 Australia
66%
8 27,000 1,964 Israel
61%
No matching quizzes found
Score Distribution
Percent of People with Each Score
Percentile by Number Answered
Your Score History
You have not taken this quiz